[Event "Voronezh op-B 23rd"]
[Site "Voronezh"]
[Date "2019.06.20"]
[Round "9"]
[White "Pikalova, Sofya"]
[Black "Petrov, Eduard G"]
[Result "1-0"]
[WhiteElo "1659"]
[BlackElo "1448"]
[PlyCount "73"]
[EventDate "2019.06.12"]
[EventType "swiss"]
[EventRounds "9"]
[EventCountry "RUS"]
[SourceTitle "EXT 2020"]
[Source "ChessBase"]
[SourceDate "2019.10.17"]
[SourceVersion "1"]
[SourceVersionDate "2019.10.17"]
[SourceQuality "1"]

1. e4 d6 2. d4 c6 3. Nc3 g6 4. f4 Bg7 5. Nf3 Nd7 6. Be2 b5 7. a3 Bb7 8. 0-0 a5 9. f5 Qb6 10. Kh1 b4 11. Na4 Qc7 12. Bf4 Ngf6 13. Bd3 c5 14. dxc5 Nh5 15. cxd6 exd6 16. Bd2 Bc6 17. c3 0-0 18. Nd4 Ne5 19. Bc2 Nc4 20. fxg6 hxg6 21. Nxc6 Nxd2 22. Qxd2 Qxc6 23. axb4 axb4 24. cxb4 Be5 25. Nc3 Qc4 26. Qd5 Rxa1 27. Qxc4 Rxf1+ 28. Qxf1 Rb8 29. b5 Kg7 30. Bb3 f6 31. Qc4 Rh8 32. Qf7+ Kh6 33. Kg1 Kg5 34. g3 Ra8 35. Kg2 Ra1 36. h4+ Kh6 37. Qf8+ 1-0